[Event "ENG-ch U16"]
[Site "Torquay"]
[Date "2022.08.12"]
[Round "7"]
[White "Tomy, Jeff"]
[Black "Gardner, Leo"]
[Result "1/2-1/2"]
[WhiteElo "1495"]
[BlackElo "1724"]
[PlyCount "104"]
[EventDate "2022.08.08"]
[EventType "swiss"]
[EventRounds "7"]
[EventCountry "ENG"]
[SourceTitle "EXT 2023"]
[Source "ChessBase"]
[SourceDate "2022.10.05"]
[SourceVersion "1"]
[SourceVersionDate "2022.10.05"]
[SourceQuality "1"]

1. d4 d6 2. c4 g6 3. Nc3 Bg7 4. e4 e5 5. d5 a5 6. Be3 Nd7 7. Bd3 Nc5 8. Bc2 Qe7 9. Nge2 b6 10. 0-0 f5 11. f3 f4 12. Bf2 Nf6 13. a3 Bd7 14. b4 Nb7 15. Ba4 Bxa4 16. Qxa4+ Qd7 17. Qc6 Qxc6 18. dxc6 Nd8 19. Nb5 Ne6 20. Nxc7+ Nxc7 21. Bxb6 Rc8 22. Bxa5 Na6 23. b5 Nc5 24. Bb4 Ke7 25. a4 Ne8 26. Rfd1 Nb3 27. Rab1 Nd4 28. Nc3 Nxc6 29. bxc6 Rxc6 30. Nd5+ Ke6 31. Rdc1 Nf6 32. Ba5 Rhc8 33. Rb7 Nd7 34. Rc7 R8xc7 35. Bxc7 Nc5 36. a5 Na6 37. Bb6 Bf8 38. Kf1 Be7 39. Ke2 Kd7 40. Kd2 Bd8 41. Kc3 Nc5 42. Ra1 Na6 43. Bxd8 Kxd8 44. Nb4 Nxb4 45. Kxb4 Kc7 46. Kb5 Rc5+ 47. Kb4 Rc6 48. a6 Rb6+ 49. Ka5 Rb2 50. Rg1 Kc6 51. a7 Ra2+ 52. Kb4 Rxa7 1/2-1/2

[Event "ENG-ch U16"]
[Site "Torquay"]
[Date "2022.08.11"]
[Round "6"]
[White "Gardner, Leo"]
[Black "Maton, Emily"]
[Result "1-0"]
[WhiteElo "1724"]
[BlackElo "1518"]
[PlyCount "71"]
[EventDate "2022.08.08"]
[EventType "swiss"]
[EventRounds "7"]
[EventCountry "ENG"]
[SourceTitle "EXT 2023"]
[Source "ChessBase"]
[SourceDate "2022.10.05"]
[SourceVersion "1"]
[SourceVersionDate "2022.10.05"]
[SourceQuality "1"]

1. e4 c5 2. Nf3 Nc6 3. d4 cxd4 4. Nxd4 Nf6 5. Nc3 e5 6. Ndb5 d6 7. Bg5 a6 8. Na3 b5 9. Nd5 Be7 10. Bxf6 Bxf6 11. c3 g6 12. Nc2 Bg7 13. a4 bxa4 14. Rxa4 Bb7 15. Bc4 0-0 16. 0-0 Na5 17. b3 Bc6 18. Rxa5 Qxa5 19. Ne7+ Kh8 20. Nxc6 Qc5 21. Qd5 a5 22. Qxc5 dxc5 23. Ra1 Bh6 24. Ne3 Bxe3 25. fxe3 f6 26. Rxa5 Rxa5 27. Nxa5 Ra8 28. b4 Kg7 29. Kf2 Kf8 30. Ke2 Ke8 31. Kd3 Kd7 32. Bd5 Rc8 33. b5 Kc7 34. Nc4 Rd8 35. b6+ Kb8 36. Na5 1-0

[Event "Sitges Sunway 7th"]
[Site "Sitges"]
[Date "2020.12.15"]
[Round "3"]
[White "Exposito Amaro, Josue"]
[Black "Gardner, Leo"]
[Result "1-0"]
[WhiteElo "2273"]
[BlackElo "1533"]
[PlyCount "63"]
[EventDate "2020.12.13"]
[EventType "swiss"]
[EventRounds "10"]
[EventCountry "ESP"]
[SourceTitle "CBM 199 Extra"]
[Source "ChessBase"]
[SourceDate "2021.01.31"]
[SourceVersion "1"]
[SourceVersionDate "2021.01.31"]
[SourceQuality "1"]

1. e4 c5 2. Nf3 d6 3. c3 Nf6 4. Bd3 Nc6 5. h3 e6 6. Bc2 Be7 7. 0-0 0-0 8. Re1 Qc7 9. d3 b5 10. Nbd2 Bb7 11. Nf1 Rad8 12. Ng3 Nb8 13. Qe2 a6 14. Bd2 Nbd7 15. Rac1 Nb6 16. b3 Rd7 17. Nh2 Rc8 18. Bb1 c4 19. bxc4 bxc4 20. d4 e5 21. Nf5 Bf8 22. Bg5 Ne8 23. Ng4 g6 24. Nfh6+ Kh8 25. Qe3 Rb8 26. Qg3 exd4 27. cxd4 Bg7 28. Qh4 Bc8 29. e5 Qc6 30. f3 d5 31. Nf6 Rd8 32. Nxf7# 1-0

[Event "Sitges Sunway op-B 6th"]
[Site "Sitges"]
[Date "2019.12.13"]
[Round "1.66"]
[White "Vanduyfhuys, Igor"]
[Black "Gardner, Leo"]
[Result "1-0"]
[WhiteElo "1849"]
[BlackElo "1630"]
[PlyCount "87"]
[EventDate "2019.12.13"]
[EventType "swiss"]
[EventRounds "10"]
[EventCountry "ESP"]
[SourceTitle "EXT 2024"]
[Source "ChessBase"]
[SourceDate "2023.10.10"]
[SourceVersion "1"]
[SourceVersionDate "2023.10.10"]
[SourceQuality "1"]

1. e4 c5 2. Nf3 d6 3. d4 cxd4 4. Nxd4 Nf6 5. Nc3 a6 6. Be2 e5 7. Nb3 Be7 8. 0-0 Be6 9. f4 Qc7 10. Kh1 Nbd7 11. Qe1 Nb6 12. Qg3 0-0 13. f5 Bxb3 14. axb3 Ne8 15. Be3 Nc8 16. Nd5 Qd8 17. Bh6 Kh8 18. Bxg7+ Nxg7 19. f6 Ne8 20. fxe7 Nxe7 21. Ne3 Ng7 22. Rad1 b5 23. Rf6 Nef5 24. Qg5 Nd4 25. Bg4 Ne8 26. Nd5 Nxf6 27. Nxf6 Rg8 28. Qh6 Rg7 29. Rd3 Ne6 30. Bf5 Nf4 31. Bxh7 Qxf6 32. Qxf6 Kxh7 33. Rxd6 Ng6 34. h4 Rh8 35. h5 Nf8 36. Qxe5 Kg8 37. Kg1 Rgh7 38. Qg5+ Rg7 39. Qe7 Kh7 40. h6 Ng6 41. hxg7 Kxg7 42. Qf6+ Kh7 43. Qxf7+ Kh6 44. Qxg6# 1-0

[Event "GBR-ch U12 106th"]
[Site "Torquay"]
[Date "2019.08.02"]
[Round "6"]
[White "Sandhu, Manvith"]
[Black "Gardner, Leo"]
[Result "1-0"]
[WhiteElo "1682"]
[BlackElo "1592"]
[PlyCount "83"]
[EventDate "2019.07.28"]
[EventType "swiss"]
[EventRounds "7"]
[EventCountry "ENG"]
[SourceTitle "EXT 2020"]
[Source "ChessBase"]
[SourceDate "2019.10.17"]
[SourceVersion "1"]
[SourceVersionDate "2019.10.17"]
[SourceQuality "1"]

1. e4 c5 2. Nf3 d6 3. d4 cxd4 4. Qxd4 Nc6 5. Bb5 Bd7 6. Bxc6 Bxc6 7. Nc3 Nf6 8. Bg5 h6 9. Bh4 Qb6 10. Bxf6 gxf6 11. Qxb6 axb6 12. Nd4 e6 13. Nxc6 bxc6 14. Rd1 Be7 15. a3 Kd7 16. f4 Kc7 17. Kf2 d5 18. Rhe1 Bc5+ 19. Kf3 Rhe8 20. Rd2 b5 21. exd5 exd5 22. Rxe8 Rxe8 23. Re2 Ra8 24. Kg4 Kd7 25. Kf5 Bd4 26. Nd1 Rg8 27. c3 Bg1 28. Kxf6 Bxh2 29. Kxf7 Rg4 30. f5 Rf4 31. f6 Rf5 32. g4 Rf1 33. Rxh2 Rxd1 34. Rxh6 Rf1 35. g5 c5 36. g6 d4 37. cxd4 cxd4 38. g7 Rg1 39. Rg6 Rxg6 40. Kxg6 d3 41. g8Q d2 42. Qd5+ 1-0

[Event "Sitges Sunway op-B 5th"]
[Site "Sitges"]
[Date "2018.12.17"]
[Round "4"]
[White "Gardner, Leo"]
[Black "Empez Garcia, Manuel"]
[Result "1-0"]
[WhiteElo "1470"]
[BlackElo "1532"]
[PlyCount "59"]
[EventDate "2018.12.14"]
[EventType "swiss"]
[EventRounds "10"]
[EventCountry "ESP"]
[SourceTitle "CBM 187 Extra"]
[Source "ChessBase"]
[SourceDate "2018.11.04"]
[SourceVersion "1"]
[SourceVersionDate "2018.11.04"]
[SourceQuality "1"]

1. e4 c5 2. Nf3 g6 3. d4 Nf6 4. Nc3 e6 5. Be3 cxd4 6. Nxd4 Bg7 7. f3 0-0 8. Qd2 a6 9. g4 d6 10. h4 e5 11. Nb3 Nc6 12. 0-0-0 Ne8 13. Nd5 Rb8 14. Be2 Be6 15. Bg5 f6 16. Be3 b5 17. f4 a5 18. f5 Bf7 19. g5 a4 20. Na1 b4 21. h5 Nd4 22. fxg6 Bxd5 23. gxh7+ Kxh7 24. g6+ Kg8 25. exd5 Nf5 26. h6 Nxe3 27. Qxe3 Qe7 28. hxg7 Qxg7 29. Qh3 Qxg6 30. Rdg1 1-0